A social and economic history of Britain, 1760-1950 / (Record no. 58128)
[ view plain ]
| 000 -LEADER | |
|---|---|
| fixed length control field | 00766nam a2200229 a 4500 |
| 001 - CONTROL NUMBER | |
| control field | 58128 |
| 003 - CONTROL NUMBER IDENTIFIER | |
| rucl marc code | BD-RjUL |
| 005 - DATE AND TIME OF LATEST TRANSACTION | |
| control field | 20211209080605.0 |
| 008 - FIXED-LENGTH DATA ELEMENTS--GENERAL INFORMATION | |
| fixed length control field | 751206s1950 enkac b 000 0 eng |
| 035 ## - SYSTEM CONTROL NUMBER | |
| System control number | (BD-RjUL) |
| 040 ## - CATALOGING SOURCE | |
| Original cataloging agency | DLC |
| Transcribing agency | FMU |
| Modifying agency | BD-RjUL |
| Language of cataloging | eng |
| 041 ## - LANGUAGE CODE | |
| Language code of text/sound track or separate title | eng |
| 082 ## - DEWEY DECIMAL CLASSIFICATION NUMBER | |
| Classification number | 330.942 |
| Edition number | 23 |
| Author mark and year | GRS 1952 |
| 100 1# - MAIN ENTRY--PERSONAL NAME | |
| Personal name | Gregg, Pauline. |
| 9 (RLIN) | 172666 |
| 245 12 - TITLE STATEMENT | |
| Title | A social and economic history of Britain, 1760-1950 / |
| 260 ## - PUBLICATION, DISTRIBUTION, ETC. (IMPRINT) | |
| Place of publication, distribution, etc. | London : |
| Name of publisher, distributor, etc. | Harrap, |
| Date of publication, distribution, etc. | 1950 [ Reprinted 1952] |
| 300 ## - PHYSICAL DESCRIPTION | |
| Pagination | Pt. ; |
| Illustrations | ill. |
| Size | 23 cm. |
| 504 ## - BIBLIOGRAPHY, ETC. NOTE | |
| Bibliography, etc | Includes bibliographies. |
| 505 0# - FORMATTED CONTENTS NOTE | |
| Formatted contents note | Part I : The Rise of the middle classes Part II : The Rise of the working classes Part III : A Century of social reform -- |
| 651 #0 - SUBJECT ADDED ENTRY--GEOGRAPHIC NAME | |
| Geographic name | Great Britain |
| General subdivision | Economic conditions. |
| 9 (RLIN) | 172667 |
| 942 ## - ADDED ENTRY ELEMENTS (KOHA) | |
| Source of classification or shelving scheme | Dewey Decimal Classification |
| Koha item type | Books |
| Lost status | Source of classification or shelving scheme | Damaged status | Not for loan | Collection code | Permanent Location | Current Location | Shelving location | Date acquired | Source of acquisition | Cost, normal purchase price | Total Checkouts | Full call number | Date last seen | Copy number | Koha item type |
|---|---|---|---|---|---|---|---|---|---|---|---|---|---|---|---|
| Dewey Decimal Classification | Not For Loan | Non-fiction | Central Library, University of Rajshahi | Central Library, University of Rajshahi | Reading Room | 15/02/1955 | B.S. Dacca | 11.00 | 330.942 GRS 1952 | 17/12/2016 | C-1 | Books |